[Event "Biel"]
[Site "Biel"]
[Date "1992.??.??"]
[Round "1"]
[White "Karpov, Anatoly"]
[Black "Lautier, Joel"]
[Result "1-0"]
[WhiteElo "2715"]
[BlackElo "2580"]
[Annotator "Ftacnik,Lubomir"]
[PlyCount "81"]
[EventDate "1992.07.??"]
[EventType "tourn"]
[EventRounds "14"]
[EventCountry "SUI"]
[EventCategory "16"]
[SourceTitle "CBM 031"]
[Source "ChessBase"]
[SourceDate "1992.12.01"]
[SourceVersion "1"]
[SourceVersionDate "1992.12.01"]
[SourceQuality "1"]

1. d4 {Kortschnoj} d5 2. c4 c6 3. Nc3 Nf6 4. e3 e6 5. Nf3 Nbd7 6. Qc2 Bd6 7. Be2 O-O 8. O-O Re8 9. Rd1 Qe7 10. h3 b6 {N} (10... dxc4 11. Bxc4 a6 12. e4 e5 13. Be3 exd4 14. Nxd4 Ne5 15. Bf1 Ng6 16. g3 $14 {Gulko,B-Speelman,J/Reykjavik WCT/1991/}) (10... h6 11. a3 dxc4 12. Bxc4 e5 13. Nh4 Nf8 14. dxe5 Bxe5 15. Nf3 Bc7 16. b4 N6h7 17. Bf1 {0,5-0,5/Bareev,E-Shabalov,A/Nab.Chelni/1988/}) 11. e4 Nxe4 12. Nxe4 dxe4 13. Qxe4 Bb7 14. Bf4 Rad8 (14... e5 $5 15. Bg5 (15. dxe5 Nxe5 (15... Bxe5 $6 16. Rxd7 Qxd7 17. Nxe5 Qe7 18. Bd3 $16) 16. Nxe5 (16. Rxd6 Nxf3+ 17. Qxf3 Qxe2 $10) 16... Bxe5 17. Bxe5 Qxe5 18. Qxe5 Rxe5 19. Bf3 Re7 $14) 15... f6 16. Be3 g6 $13) (14... Rab8 $5 {Kortschnoj}) ({RR} 14... Bxf4 15. Qxf4 c5 16. Qc7 Nf8 17. Qxe7 Rxe7 18. dxc5 {½-½ (18) Efimov,I (2540)-Komarov,D (2600) Reggio Emilia 1997}) ({RR} 14... Nf6 15. Bxd6 Qxd6 16. Qe3 c5 17. dxc5 Qxc5 18. Qxc5 bxc5 19. Ne5 Red8 20. Rxd8+ Rxd8 21. Rd1 Rxd1+ 22. Bxd1 Kf8 23. Ba4 Ke7 24. f3 g6 25. Kf2 Nh5 26. h4 f5 27. a3 a5 28. Ke3 f4+ 29. Kf2 {Prakash,G (2425)-Shetty,R (2315) Kolkata 1998 ½-½ (32)}) 15. Bxd6 Qxd6 16. Ne5 Nxe5 $146 (16... Nf6 17. Qe3 c5 $14) ({RR} 16... Nf6 17. Qe3 c5 18. dxc5 Qxc5 19. Qxc5 bxc5 20. g4 h6 21. f3 Kf8 22. Kf2 Ke7 23. Ke3 Nd7 24. Nd3 e5 25. Rd2 Kf8 26. Nf2 Nf6 27. Rxd8 Rxd8 28. Nd3 Nd7 29. Rd1 Ke7 30. Nc1 Bc6 31. Rd3 {Shliahtin,I (2310)-Lisik,V (2475) Podolsk 1992 ½-½ (38)}) 17. dxe5 Qc7 18. Bf3 Ba8 19. Rxd8 $1 (19. b3 c5 $10) 19... Rxd8 20. Rd1 Rxd1+ (20... c5 $2 21. Rxd8+ Qxd8 22. Qxa8 $18) 21. Bxd1 Qd8 22. Bf3 Qd2 23. b3 Qxa2 24. b4 Qa1+ (24... a6 25. Qd4 Qb1+ 26. Kh2 $18) 25. Kh2 Qa6 (25... Qa3 $1 {Kortschnoj With drawing chances.} 26. c5 $1 (26. Qe1 a5) (26. b5 Qc5 {followed by g7-g6.}) 26... Qc3 27. cxb6 axb6 28. b5 g6 29. bxc6 b5) 26. Qd4 (26. b5 Qc8 27. bxc6 g6 $13) 26... Qc8 27. c5 $1 bxc5 (27... b5 28. Qd6 $36) (27... Qb8 28. g3 $16) 28. Qxc5 a6 (28... Qb8 29. g3 Qb6 30. Qxb6 axb6 31. b5 Kf8 32. bxc6 Ke7 33. c7 $1 $18) 29. Qe7 g6 30. h4 $1 h5 (30... h6 31. Be4 Qf8 32. Qa7 $16) 31. Kg3 $1 Qb7 (31... c5 32. Bxa8 Qxa8 33. bxc5 a5 34. Qd7 a4 35. c6 a3 36. c7 $18) 32. Qxb7 Bxb7 33. Kf4 Kf8 (33... Kg7 34. Ke3 f6 35. Kd4 fxe5+ 36. Kxe5 $18) 34. Kg5 Ke7 35. Be4 Ba8 36. f3 Bb7 37. g4 Ba8 (37... hxg4 38. fxg4 Ba8 39. h5 gxh5 40. gxh5 Kf8 41. Kf6 $18) 38. gxh5 gxh5 39. f4 Bb7 40. Bf3 Ba8 41. Kxh5 {Ftacnik,L} 1-0

[Event "Linares 09th"]
[Site "Linares"]
[Date "1991.??.??"]
[Round "8"]
[White "Karpov, Anatoly"]
[Black "Kasparov, Garry"]
[Result "1/2-1/2"]
[WhiteElo "2725"]
[BlackElo "2800"]
[PlyCount "64"]
[EventDate "1991.02.??"]
[EventType "tourn"]
[EventRounds "13"]
[EventCountry "ESP"]
[EventCategory "17"]
[SourceTitle "CBM 022"]
[Source "ChessBase"]
[SourceDate "1991.06.01"]
[SourceVersion "1"]
[SourceVersionDate "1991.06.01"]
[SourceQuality "1"]

1. d4 Nf6 2. c4 e6 3. Nf3 d5 4. Nc3 c6 5. e3 Nbd7 6. Qc2 Bd6 7. Be2 O-O 8. O-O e5 9. cxd5 cxd5 10. dxe5 Nxe5 11. Rd1 Nxf3+ 12. Bxf3 Qc7 13. h3 Bh2+ 14. Kh1 Be5 15. Bd2 Be6 16. Qd3 Qd7 17. Be1 Rfd8 18. Kg1 Rac8 19. Rac1 d4 $146 ({RR} 19... a6 20. b3 Bb8 21. Nxd5 Nxd5 22. Rxc8 Qxc8 23. e4 Qc7 24. g3 Bxh3 25. exd5 Qb6 26. Qd4 Qxd4 27. Rxd4 Bd6 28. Ba5 Rc8 29. Rc4 Kf8 30. g4 Rxc4 31. bxc4 Bc5 32. Bc7 Ke7 33. d6+ Bxd6 34. Bb6 {Escobedo Tinajero,A (2265)-Milov,V (2500) Buenos Aires 1992 0-1 (61)}) 20. exd4 Bxd4 21. Qe2 h6 22. b3 a6 23. Rc2 b5 24. Rcd2 Qa7 25. Ne4 Nxe4 26. Qxe4 Bb6 27. Rxd8+ Rxd8 28. Rxd8+ Bxd8 29. Bc3 Qc5 30. Qe5 Qxe5 31. Bxe5 a5 32. Be4 f6 1/2-1/2

[Event "Baden-Baden"]
[Site "Baden-Baden"]
[Date "1992.12.15"]
[Round "10"]
[White "Karpov, Anatoly"]
[Black "Knaak, Rainer"]
[Result "1-0"]
[WhiteElo "2715"]
[BlackElo "2525"]
[Annotator "Ftacnik,Lubomir"]
[PlyCount "123"]
[EventDate "1992.12.??"]
[EventType "tourn"]
[EventRounds "11"]
[EventCountry "GER"]
[EventCategory "14"]
[SourceTitle "CBM 033"]
[Source "ChessBase"]
[SourceDate "1993.04.01"]
[SourceVersion "1"]
[SourceVersionDate "1993.04.01"]
[SourceQuality "1"]

1. d4 d5 2. c4 e6 3. Nc3 c6 4. e3 Nf6 5. Nf3 Nbd7 6. Qc2 Bd6 7. b3 O-O 8. Be2 dxc4 9. bxc4 e5 10. O-O Re8 11. Rd1 Qe7 12. Rb1 e4 13. Nd2 Nf8 14. c5 (14. Nf1 h5 $132) 14... Bc7 15. Nc4 Ng4 $2 (15... Nd5 $1) 16. h3 ({RR} 16. g3 Nxh2 17. Qxe4 Qd8 18. Qh4 Qxh4 19. gxh4 Ng6 20. d5 Nxh4 21. d6 N2f3+ 22. Kh1 Bf5 23. dxc7 Bxb1 24. Nxb1 Rec8 25. Rd7 Kf8 26. Nd6 Ne5 27. Nxc8 Nxd7 {1-0 (27) Avrukh,B (2641)-Nepomniachtchi,I (2632) Netanya 2009}) 16... Nf6 (16... Nxf2 17. Kxf2 Qh4+ 18. Kg1 Bxh3 19. gxh3 $1 Qg3+ (19... Re6 20. Bg4) 20. Kf1 Re6 21. Nxe4 $16) (16... Bh2+ 17. Kh1 $1 Nxf2+ 18. Kxh2 Qh4 19. Bf1 $16) 17. Ba3 Nd5 $6 (17... Ng6 18. Nd6 Bxd6 19. cxd6 Qe6 $14) 18. Nd6 (18. Nxd5 $1 cxd5 19. c6 Qh4 (19... Qg5 20. cxb7 Bxh3 21. Bf1) (19... Qe6 20. cxb7 Bxb7 21. Rxb7 Rec8 22. Qa4 $16) 20. cxb7 Bxh3 21. Nd6 Bxg2 22. Kxg2 Re6 23. Rg1 $18) 18... Bxd6 $146 ({RR} 18... Nxc3 19. Qxc3 Bxd6 20. cxd6 Qh4 21. d5 Qg5 22. h4 Qxh4 23. dxc6 bxc6 24. d7 Nxd7 25. Qxc6 Nf6 26. Qxa8 Bg4 27. Rd8 {1-0 (27) Zierke,O (2270)-Baumbach,F (2315) Germany 1998}) 19. cxd6 Qg5 20. Nxe4 $1 Nxe3 $1 (20... Rxe4 21. Qxe4 Bf5 22. Qf3 Nc3 23. Rb2) (20... Bf5 21. Nxg5 Bxc2 22. Rxb7 Bxd1 23. Bxd1 Rab8 24. Rxb8 Rxb8 25. Bb3 $16) 21. Nxg5 Nxc2 22. Bc4 Ne6 (22... Nxa3 23. Bxf7+ Kh8 24. Bxe8 Nxb1 25. Rxb1 Bf5 26. Re1 $16) 23. Bxe6 Bxe6 24. Nxe6 Rxe6 25. Bc5 b6 26. Rb2 $1 (26. Rd2 bxc5 27. dxc5 Na3 $1 28. d7 Nxb1 29. d8=Q+ Re8 $13) 26... bxc5 27. dxc5 $1 Re1+ $1 (27... Na3 28. d7 Rd8 29. Rb8 $1 Rxb8 30. d8=Q+ Re8 31. Qd7 $18) 28. Rxe1 Nxe1 29. Rd2 Kf8 30. Kf1 Re8 31. d7 Rd8 32. Kxe1 Ke7 33. Rd6 Rxd7 34. Rxc6 Rd5 $1 35. Rc7+ Rd7 $1 36. Rc6 Rd5 37. Ra6 Rxc5 $1 (37... Rd7 $2 38. Ke2 Rc7 39. Kd3 Kd7 40. Kc4 $18) 38. Rxa7+ Kf6 (38... Kf8 39. Ra8+ Ke7 40. Ra3 $1 Rc2 41. Re3+ Kd6 42. a3 {cf. game}) 39. Ra3 $1 g5 $2 (39... h5 $10) (39... Rc2 40. Rf3+ Ke6 41. a3 { e1-d1}) 40. Kd2 Kg6 41. Rc3 Ra5 42. a3 h5 43. Kc2 Ra8 44. Kb3 Rb8+ 45. Ka2 Ra8 46. Rc4 f5 (46... Re8 47. Rb4 Re2+ 48. Rb2 Re4 49. Kb3 $18) 47. a4 Kf6 48. Ka3 Ke5 49. Rc5+ Ke4 50. a5 h4 51. Ka4 Kf4 52. Rc4+ (52. Kb5 $6 Rb8+ 53. Kc6 Rb2 54. a6 Rxf2 55. Ra5 Rc2+ 56. Kb6 Rc8 57. Kb7 Rh8 58. a7 Kg3 $132) 52... Ke5 53. Rb4 Kd5 54. Rb5+ Ke4 55. Rb6 Kf4 56. a6 g4 57. Ka5 $1 g3 (57... gxh3 58. Rb4+ Ke5 59. gxh3 $18) 58. Rb4+ Ke5 59. f3 f4 60. Re4+ Kf5 61. Re2 Kf6 62. Kb6 (62. Kb6 Rb8+ 63. Kc7 Rf8 (63... Rb1 64. Ra2 Rc1+ 65. Kd6 Rc8 66. a7 Ra8 67. Ra5 $18) 64. a7 Rf7+ 65. Kb6 Rf8 66. Kb7 Rf7+ 67. Ka6 Rf8 68. Rb2 $18) 1-0

[Event "Beijing sim"]
[Site "Beijing"]
[Date "1998.05.13"]
[Round "?"]
[White "Karpov, Anatoly"]
[Black "Zhu, Chen"]
[Result "1-0"]
[WhiteElo "2735"]
[BlackElo "2490"]
[PlyCount "101"]
[EventDate "1998.05.??"]
[EventType "simul"]
[EventRounds "1"]
[EventCountry "CHN"]
[SourceTitle "EXT 1999"]
[Source "ChessBase"]
[SourceDate "1998.11.16"]
[SourceVersion "1"]
[SourceVersionDate "1998.11.16"]
[SourceQuality "1"]

1. d4 d5 2. c4 c6 3. Nf3 Nf6 4. Nc3 e6 5. e3 Nbd7 6. Qc2 Bd6 7. Bd3 O-O 8. O-O dxc4 9. Bxc4 a6 10. Rd1 b5 11. Be2 Qc7 12. a3 ({RR} 12. e4 e5 13. dxe5 Nxe5 14. h3 Nxf3+ 15. Bxf3 Be6 16. Be3 Rac8 17. Rac1 h6 18. b3 Rfd8 19. Qb1 c5 20. a4 Qb8 21. axb5 axb5 22. Nd5 Bxd5 23. exd5 Bf4 24. Qd3 Bxe3 25. Qxe3 Re8 26. Qd3 Qb6 {Sasikiran,K (2720)-Le,Q (2703) Zaozhuang 2012 ½-½ (49)}) ({RR} 12. e4 e5 13. Bg5 Re8 14. Rac1 exd4 15. Bxf6 Nxf6 16. Rxd4 Bf4 17. Rcd1 c5 18. Nd5 Nxd5 19. Rxd5 c4 20. g3 Bh6 21. Qc3 g6 22. Qd4 Be6 23. Rd6 Bf8 24. e5 Qa7 25. Rd8 {0-1 (25) Karavade,E (2413)-Zhu,C (2463) Ha Long City 2009}) 12... c5 13. dxc5 ({RR} 13. h3 Bb7 14. Bd2 b4 15. Na2 bxa3 16. bxa3 cxd4 17. Qxc7 Bxc7 18. Nxd4 Rfc8 19. Rab1 Be4 20. Rbc1 Ne5 21. f3 Bg6 22. Nb4 a5 23. Nbc6 Nxc6 24. Nxc6 Kf8 25. Nxa5 Bb6 26. Bb4+ Kg8 27. Rxc8+ Rxc8 {Ebrahimi Herab,H (2418)-Black,J (2110) chess.com INT 2025 1-0 (62)}) 13... Bxc5 14. Ne4 $146 ({RR} 14. b4 Be7 15. Bb2 Bb7 16. Rac1 Rac8 17. Qb1 Qb8 18. Ng5 Rfd8 19. Nce4 Rxc1 20. Nxf6+ Bxf6 21. Qxh7+ Kf8 22. Bxc1 Ke7 23. Nf3 Bxf3 24. Bxf3 Rh8 25. Qc2 Qxh2+ 26. Kf1 Qb8 27. Qc6 Rh1+ 28. Ke2 Rxd1 {Prakash,G (2451)-Sriram,J (2408) Kolkata 2002 ½-½ (49)}) ({RR} 14. b3 Bb7 15. Bb2 Rac8 16. Rac1 Qb8 17. Qb1 Be7 18. Nd4 Nc5 19. Qa2 Rfd8 20. b4 Nce4 21. Nxe4 Nxe4 22. Rxc8 Qxc8 23. Rc1 Qd7 24. Qb1 Bh4 25. g3 Bf6 26. Rd1 Ng5 27. f3 Qc7 28. Kf2 h6 {Zentai,P (2129)-Pavel,M (2128) Balatonlelle 2005 ½-½ (41)}) 14... Nxe4 15. Qxe4 Bb7 16. Qh4 Rfe8 17. Qg3 Qxg3 18. hxg3 Nb6 19. Bd2 Be7 20. b3 Bf6 21. Nd4 Rac8 22. Ba5 Nd7 23. a4 bxa4 24. Rxa4 Nc5 25. Ra3 Ne4 26. Bc4 Nd6 27. Ra4 Nxc4 28. bxc4 g6 29. Bb6 Be7 30. f3 Bc5 31. Rb1 Bxd4 32. Bxd4 Re7 33. Bf6 Rec7 34. Be5 Rd7 35. g4 h6 36. Rab4 Ba8 37. c5 g5 38. Rb6 a5 39. Ra6 Kh7 40. Rxa5 Kg6 41. Bd6 f5 42. gxf5+ exf5 43. Rb6 Kh7 44. Raa6 Bd5 45. Be5 Rxc5 46. Rxh6+ Kg8 47. Rag6+ Kf8 48. Rxg5 Rc1+ 49. Kf2 Rf7 50. Bf6 Ke8 51. Rxf5 1-0

[Event "Biel Credit Suisse"]
[Site "Biel"]
[Date "1997.07.25"]
[Round "4"]
[White "Karpov, Anatoly"]
[Black "Anand, Viswanathan"]
[Result "1/2-1/2"]
[WhiteElo "2745"]
[BlackElo "2765"]
[Annotator "Lutz,Christopher"]
[PlyCount "82"]
[EventDate "1997.07.20"]
[EventType "tourn"]
[EventRounds "10"]
[EventCountry "SUI"]
[EventCategory "17"]
[SourceTitle "CBM 060"]
[Source "ChessBase"]
[SourceDate "1997.09.29"]
[SourceVersion "1"]
[SourceVersionDate "1997.09.29"]
[SourceQuality "1"]

1. d4 d5 2. c4 c6 3. Nc3 Nf6 4. e3 e6 5. Nf3 Nbd7 6. Qc2 Bd6 7. Bd3 O-O 8. O-O dxc4 9. Bxc4 a6 10. Bd2 $6 {M.E. kann Weiß mit 10.d2 nicht auf Vorteil hoffen, besser ist wahrscheinlich 10.d1.} (10. Rd1) 10... c5 11. dxc5 (11. Bd3 h6 12. Rad1 cxd4 13. exd4 Qc7 14. Rc1 Qb8 15. Rfe1 b5 16. Ne4 Bb7 17. Nxd6 Qxd6 $11 {½-½ Topalov,V-Kramnik,V/Dos Hermanas 1997/CBM 59 (27)}) 11... Nxc5 12. Be2 $146 (12. a4 b6 13. e4 Qc7 14. h3 Bb7 15. Rfe1 Ncd7 16. Bf1 (16. Bd3 $11 {Kramnik}) 16... Rac8 17. Rad1 Qb8 18. Qb1 h6 $15 {0-1 Costa,J-Kramnik,V/Manila olm 1992/TD 92\02 (30)}) 12... b5 13. b4 Ncd7 14. Ne4 Be7 $146 ({RR} 14... Qc7 15. Qxc7 Bxc7 16. Nxf6+ Nxf6 17. Rfc1 Bd6 18. Nd4 Bb7 19. Nc6 Ne4 20. Be1 Rac8 21. Na5 Ba8 22. f3 Nf6 23. e4 Bf4 24. Rxc8 Rxc8 25. a4 Be5 26. Rd1 bxa4 27. Bxa6 Rb8 28. Nc4 Bc7 29. b5 {Khasin,A (2420)-Grinberg,I Ozery 1997 1-0 (38)}) 15. Nxf6+ Bxf6 16. Bc3 Bb7 17. Bxf6 Nxf6 18. Qb2 Qe7 19. Rfc1 Nd5 20. a3 Rfc8 $11 {Weiß hat wegen der Schwächung des Feldes c5 einen symbolischen Vorteil, mehr nicht.} 21. Ne5 Nb6 22. Rxc8+ Rxc8 23. Rc1 Rxc1+ 24. Qxc1 Qd6 25. Nd3 Nd7 26. f3 Kf8 27. Qc3 f6 28. Qc2 Qc6 29. Qxc6 Bxc6 30. e4 Ke7 31. Kf2 e5 32. Bd1 Kd6 33. Bb3 Nf8 34. Ke3 g5 35. g3 Bb7 36. Nc5 Bc8 37. Kd2 a5 38. Kc3 a4 39. Bg8 h6 40. Bf7 Be6 41. Bh5 Bd7 1/2-1/2

[Event "Novosibirsk"]
[Site "Novosibirsk"]
[Date "2006.06.29"]
[Round "8"]
[White "Aliqogin, Jaslan"]
[Black "Karpov, Alexander"]
[Result "1/2-1/2"]
[WhiteElo "2336"]
[BlackElo "2365"]
[PlyCount "32"]
[EventDate "2006.06.23"]
[EventType "tourn"]
[EventRounds "11"]
[EventCountry "RUS"]
[SourceTitle "EXT 2008"]
[Source "ChessBase"]
[SourceDate "2007.11.25"]
[SourceVersion "1"]
[SourceVersionDate "2007.11.25"]
[SourceQuality "1"]

1. d4 {Lutz,Christopher} d5 2. c4 e6 3. Nc3 c6 4. Nf3 Nf6 5. e3 Nbd7 6. Bd3 Bd6 7. O-O O-O 8. e4 dxe4 9. Nxe4 Nxe4 10. Bxe4 h6 ({RR} 10... e5 11. dxe5 Nxe5 12. Nxe5 Bxe5 13. Bxh7+ Kxh7 14. Qh5+) 11. Bc2 e5 12. Qd3 ({RR} 12. Re1 exd4 13. Qxd4) 12... f5 13. c5 Bb8 ({RR} 13... Bc7 14. Qc4+ Kh8 15. dxe5 ({RR} 15. g3 exd4 16. Re1 Qf6 17. Nh4 Ne5 18. Qxd4 Qxh4 19. Qxe5 Bxe5 20. gxh4 Bf6 21. Bf4 Bxh4 22. Rad1 Bf6 23. Bd6 Rd8 24. f4 Bxb2 25. Be5 Rxd1 26. Rxd1 Bxe5 27. Rd8+ Kh7 28. fxe5 Kg6 29. Rf8) 15... Nxe5 16. Nxe5 Bxe5 17. Bf4 Qd4 18. Qxd4 Bxd4 19. Rad1 ({RR} 19. Rfe1 Bxc5 ({RR} 19... Bxb2) 20. Rad1 a5 21. Bd6 Bxd6 22. Rxd6 a4 23. f4 Ra5 24. b4 axb3 25. Bxb3 Ra6 26. Re7 c5 27. Rxa6 bxa6 28. Rc7 Kh7 29. Kf2 Rd8 30. h4 Bd7 31. Rxc5 Bb5 32. Rd5 Rxd5 33. Bxd5 g5) ({RR} 19. Bd6 Re8 20. Rae1 Be6 21. b3 b6 22. cxb6 axb6 23. a4 Bd5 24. Rd1 c5 25. Rfe1 b5 26. axb5 Rxe1+ 27. Rxe1 Ra2 28. Rc1 c4 29. bxc4 Bxc4 30. h4 Bxb5 31. Bxf5 Bxf2+) 19... Bxb2 20. Rfe1 Bf6 21. Rd6 b6 22. Be5 ({RR} 22. Rxc6 Bb7 23. Rc7 Bd5 24. c6 Bd8) 22... Ba6 23. Bxf6 Rxf6 24. Rxf6 gxf6 25. Re6 Rf8 26. Re7 ({RR} 26. Rxc6 Bb5 ({RR} 26... Re8 27. h4 Re1+ 28. Kh2 Rc1 29. Bxf5 Rxc5 30. Rxf6) 27. Rc7 bxc5 28. Rxc5 Re8 29. f4 Re1+ 30. Kf2 Rc1 31. Ke3 Ba4 32. Kd2 Rxc2+ 33. Rxc2 Bxc2 34. Kxc2) 26... Rd8 27. Rxa7 Bd3 28. Bxd3 {Tkachiev,V (2634)-Kaidanov,G (2596) Moscow 2002 CBM 088 [Lutz,Christopher] ½-½ (32)}) ({RR} 13... e4 14. Qb3+ Kh8 15. cxd6 exf3 16. Qxf3 Qf6 17. Bf4 Qxd4 18. Rfe1 Qxb2 19. Bb3 a5 20. Rab1 Qf6 21. Re7 a4 22. Be6 Nc5 23. Bxc8 Raxc8 24. Be5 {1-0 (24) Andreikin,D (2710)-Tsydypov,Z (2507) chess.com INT 2026}) 14. Qb3+ Kh8 15. Nxe5 $146 ({RR} 15. dxe5 Nxe5 16. Re1 Re8 17. Bf4 Be6 18. Qc3 Nxf3+ 19. Qxf3 Qf6 20. Rad1 Bxf4 21. Qxf4 Qxb2 22. Rxe6 Qxc2 23. Rxh6+ gxh6 24. Qxh6+ {½-½ (24) Cerveny,M (2353)-Sosna,J (2413) Czech Republic 2009}) 15... Nxe5 16. dxe5 Bxe5 1/2-1/2

[Event "Villa Martelli sim"]
[Site "Villa Martelli"]
[Date "2005.09.17"]
[Round "1"]
[White "Karpov, Anatoly"]
[Black "De Dovitiis, Alejo"]
[Result "1/2-1/2"]
[WhiteElo "2672"]
[BlackElo "2345"]
[PlyCount "60"]
[EventDate "2005.09.17"]
[EventType "simul"]
[EventRounds "1"]
[EventCountry "ARG"]
[SourceTitle "CBM 108 Extra"]
[Source "ChessBase"]
[SourceDate "2005.11.04"]
[SourceVersion "1"]
[SourceVersionDate "2005.11.04"]
[SourceQuality "1"]

1. Nf3 d5 2. d4 Nf6 3. c4 e6 4. Nc3 c6 5. e3 Nbd7 6. Qc2 Bd6 7. Bd3 O-O 8. O-O dxc4 9. Bxc4 Qe7 10. a3 e5 11. h3 h6 12. Nh4 Nb6 13. Ng6 Qc7 14. Nxe5 Bxe5 15. dxe5 Qxe5 16. Bd3 Rd8 17. Rd1 Be6 18. f4 $146 ({RR} 18. b3 Nbd5 19. Bd2 Qc7 20. Ne2 Re8 21. e4 Nb6 22. Bc3 Nbd7 23. Qb2 Rad8 24. b4 Nh5 25. Rac1 Nb6 26. Be5 Qe7 27. Kh2 Bc4 28. Bb1 Rxd1 29. Rxd1 Rd8 30. Qc2 Qg5 {½-½ (30) Vukelic,T (2230)-Petrov,J (2433) Sibenik 2011}) 18... Qh5 19. e4 Qc5+ 20. Kh2 Bc4 21. e5 Bxd3 22. Rxd3 Nfd5 23. Qd1 Qe7 24. Qh5 Nxc3 25. Rxc3 Qe6 26. Rg3 Rd5 27. Be3 Nc8 28. Rf1 Ne7 29. Qe2 Rad8 30. Rgf3 Nf5 1/2-1/2